Statistics for 10 Foods That Never (or Almost Never) Expire

Click here to take the quiz!

General Stats

  • This quiz has been taken 74 times
  • The average score is 5 of 10

Answer Stats

HintAnswer% Correct
The oldest jar of this sticky stuff ever found is believed to be 5500 years old. Unbeelievable!Honey
94%
Whether powdered or granulated this item can last a long time if kept in airtight containers to keep moisture at bay.Sugar
77%
Even after it has been opened, this salty, liquid condiment from Asia can keep for years in your refrigerator.Soy Sauce
63%
This item will last nearly forever if you don't add iodine.Salt
61%
While the flavors will change over time due to oxidation, this item will be OK to drink as long as you don't drive afterwards.Hard Liquor
50%
This item will maintain its nutrient content and flavor for 30 years when stored in oxygen-free containers in temperatures below 40 degrees Fahrenheit. Its brown counterpart will only last 6 months because of the natural oils found in its bran layer.White Rice
50%
The powdered form of this item may not taste as good as the fresh but it does lasts longer. It is also easier to transport and store.Powdered Milk
39%
Invented by Native Americans, this item is still a favorite of survivalists looking for a long-lasting source of protein.Pemmican
38%
A Guide to Food Storage for Emergencies lists this pancake favorite as having an indefinite shelf life due to its resistance to microbial growth, including molds.Pure Maple Syrup
28%
The protein digestibility in the dried form of this item will remain stable over time if stored properly. It also pairs nicely with the first item in this quiz.Dried Beans
27%

Score Distribution

Percentile by Number Answered

Percent of People with Each Score

Your Score History

You have not taken this quiz